Radioaakkoset - Statistics

Yleistilastot
  • Tätä visaa on pelattu 54 kertaa
    51 viimeisimmän päivityksen jälkeen
  • Keskiarvotulos 20 / 29
Vastaustilastot
Kysymys Vastaus % Oikein
B Bertta
100%
D Daavid
100%
F Faarao
100%
C Celsius
89%
I Iivari
89%
A Aarne
83%
K Kalle
83%
N Niilo
83%
R Risto
83%
H Heikki
72%
Q Kuu
72%
L Lauri
72%
O Otto
72%
X Äksä
67%
E Eemeli
67%
G Gideon
67%
S Sakari
67%
U Urho
67%
Y Yrjö
67%
Z Zeta
61%
Å Åke
56%
M Matti
56%
Ä Äiti
50%
J Jussi
50%
Ö Öljy
50%
P Paavo
50%
T Tyyne
50%
V Vihtori
50%
W Viski
39%
Ehtoja vastaavia visoja ei löytynyt
Tulosjakauma
Jokaisen tuloksen saaneiden osuus
Persentiili vastausten määrän mukaan
Tuloshistoriasi
Et ole pelannut tätä visaa sen viimeisimmän päivityksen jälkeen